Responses for show #4027 - Tuesday, February 19, 2002

Contestants

Paul Holland, a Jesuit priest from Storrs, Connecticut

Nancy Misener, an auditor from Staten Island, New York

Alex Boisvert, a graduate student from Los Angeles, California (whose 1-day cash winnings total $20,801)

Jeopardy! Round responses

OLD FAMILIAR PLACES
TEA-TOTALING
WORD ORIGINS
HISTORIC AMERICAN QUOTES
A DAY AT THE RACES
A NIGHT AT THE OPRAH
    $200 6
Pasadena

Alex
    $200 11
(Nancy: What is Darjeeling?)

herb tea

Nancy
Triple Stumper
    $200 15
zebra

Alex
    $200 1
Teddy Roosevelt

Alex
    $200 21
Grand Prix

Nancy
    $200 26
Oprah's Book Club

Alex
    $400 7
(Paul: What is New Delhi?)

Delhi

AlexPaul
    $400 12
breakfast

Paul
    $400 16
sparse

Alex
    $400 2
The British are coming

Nancy
    $400 22
butterfly

Alex
    $400 27
Chicago

Nancy
    $600 8
Old North Church

Alex
    $600 13
size

Triple Stumper
    $600 17
khaki

Paul
    $600 3
(Jimmy) Hoffa

Alex
    $600 23
chariot race

Alex
    $600 28
(Nancy: Memphis, what is Memphis?)

Nashville

AlexNancy
    $800 9
Cuba

Alex
    $800 14
St. Louis

Nancy
    $800 18
regatta

Alex
    $1,000 4
John Brown

Alex
    $800 24
100-meter

Alex
    $800 29
The Color Purple

Nancy
    $1000 10
Moors

Alex
    $1000 20
(Nancy: [*]? What is [*]?)
(Alex: You were so excited about having an opportunity to give that response again that you forgot to phrase it.)

Darjeeling

Nancy
    $1000 19
skoal

Alex
    $1000 5
Edward Murrow

Nancy
    $1000 25
(Alex: Who is Secretariat?)

Man o' War

AlexNancy
    $1000 30
O Magazine

Alex

Scores at the first commercial break (after clue 15):

Alex Nancy Paul
$5,000 $2,000 $0

Scores at the end of the Jeopardy! Round:

Alex Nancy Paul
$9,800 $4,800 $600

Double Jeopardy! Round responses

19th CENTURY ART
TRUSTY SIDEKICKS
(Alex: We'll give you the sidekick; you identify the partner.)
AMERICAN AUTHORS
SILENT G
AGNATOMY
GUITAR PARTS
    $400 2
Cleopatra

Alex
    $400 1
Green Giant

Alex
    $400 9
James Fenimore Cooper

Triple Stumper
    $400 19
furlough

Alex
    $400 24
(Alex: What is the proboscis?)
...
(Alex: Less than a minute to go now, Paul.)

eggs

Alex
Triple Stumper
    $400 14
frets

Paul
    $800 3
(Nancy: Who is George Washington?)

Lincoln

AlexNancy
    $800 5
(Nancy: Who was...)

Perry Mason

NancyPaul
    $800 10
Horatio Alger

Triple Stumper
    $800 20
gnome

Paul
    $800 27
facets

Paul
    $800 17
neck

Alex
    $1200 4
Tokyo

Paul
    $1200 6
Buster Brown

Triple Stumper
    $1200 11
Jane Smiley

Triple Stumper
    $5,000 21
(Paul: Um...What is...um...I don't know.)

malign

Paul
    $1200 28
antennae

Triple Stumper
    $1200 18
(Nancy: What is a pick?)

bridge

Nancy
Triple Stumper
    $1,000 12
(Claude) Monet

Nancy
    $1600 7
Green Hornet

Paul
    $1600 15
Sinclair Lewis

Triple Stumper
    $1600 22
feign

Paul
    $1600 29
(Paul: What is the abdomen?)

thorax

AlexPaul
    $1600 25
body

Triple Stumper
    $2000 13
Hudson River School

Triple Stumper
    $2000 8
Hercule Poirot

Nancy
    $2000 16
(James) Baldwin

Paul
    $2000 23
(Paul: What is indict?)

arraign

Paul
Triple Stumper
    $2000 30
(Paul: What is the ora?)

proboscis

Paul
Triple Stumper
    $2000 26
nut

Nancy

Scores at the end of the Double Jeopardy! Round:

Alex Nancy Paul
$13,800 $7,000 -$800

[wagering suggestions for these scores]

Final Jeopardy! Round responses

FOOD SUPERSTITIONS
NancyWhat are fish?
$6,999
AlexWhat are palm fronds? leaves?
$201
hot cross buns

Final scores:

Alex Nancy Paul
$13,599 $1 -$800
2-day champion: $34,400 2nd place: trip to Barbados and stay at Almond Resorts 3rd place: stay at La Costa Resort and Spa north of San Diego

Game dynamics:

Coryat scores:

Alex Nancy Paul
$13,600 $7,600 $4,200
24 R
(including 1 DD),
2 W
11 R
(including 1 DD),
5 W
10 R,
5 W
(including 1 DD)

Combined Coryat: $25,400

The J! Archive is created by fans, for fans. The Jeopardy! game show and all elements thereof, including but not limited to copyright and trademark thereto, are the property of Jeopardy Productions, Inc. and are protected under law. This website is not affiliated with, sponsored by, or operated by Jeopardy Productions, Inc. Join the discussion at JBoard.tv.